Gardens ground covers and indoor plants
| Format: | Book |
|---|---|
| Subjects: |
MARC
| LEADER | 00000cam a2200000 7i4500 | ||
|---|---|---|---|
| 001 | 0000010420 | ||
| 005 | 20030513.0 | ||
| 040 | |a INS | ||
| 090 | 0 | 0 | |a SB432. |b G212 |
| 245 | 1 | 0 | |a Gardens ground covers and indoor plants |
| 650 | 0 | 0 | |a Gardens |x Design |
| 650 | 0 | 0 | |a Landscape gardening |
| 999 | |a 0000003817 |b BOOK |c Open Shelf |e Default branch | ||